| 000 | 00818nam a2200277Ia 4500 | ||
|---|---|---|---|
| 003 | OSt | ||
| 005 | 20220927105920.0 | ||
| 006 | a|||||r|||| 00| 0 | ||
| 007 | ta | ||
| 008 | 220926b |||||||| |||| 00| 0 eng d | ||
| 024 | _a26284 | ||
| 037 | _cReference Collections | ||
| 040 |
_aRTL _cRTL _beng |
||
| 041 |
_2eng _aeng |
||
| 082 | _a"X:533.2.N9t, N7/GD" | ||
| 110 | _aRESERVE BANK OF INDIA. | ||
| 111 |
_a"Report (1977 : Mumbai, RBI India)" _9375694 |
||
| 245 | 0 |
_aHedging through International Commodity Exchanges (Committee) (Chairman _b R.V.Gupta.) |
|
| 260 | _c1997 | ||
| 300 |
_a74p. _ccm. |
||
| 650 | _a Free Trade | ||
| 650 | _aEconomics | ||
| 700 | _aRESERVE BANK OF INDIA. | ||
| 942 |
_h"X:533.2.N9t, N7/GD" _cCC |
||
| 999 |
_c695218 _d695218 |
||